A Perfect Storm in the Amazon Wilderness (Record no. 32850)
[ view plain ]
| 000 -LEADER | |
|---|---|
| fixed length control field | 00606nam a2200121Ia 4500 |
| 008 - FIXED-LENGTH DATA ELEMENTS--GENERAL INFORMATION | |
| fixed length control field | 220620s9999||||xx |||||||||||||| ||und|| |
| 100 ## - MAIN ENTRY--PERSONAL NAME | |
| Personal name | Killeen, Timothy J. |
| 245 #2 - TITLE STATEMENT | |
| Title | A Perfect Storm in the Amazon Wilderness |
| Remainder of title | The Conventional Economy and the Drivers of Change : Success and Failure in the Fight to Save an Ecosystem of Critical Importance to the Planet |
| 546 ## - LANGUAGE NOTE | |
| Language note | English[eng] |
| 650 ## - SUBJECT ADDED ENTRY--TOPICAL TERM | |
| Topical term or geographic name entry element | Nature||Environmental Conservation & Protection||Nature||Natural Resources||Social Science||Sociology |
| 856 ## - ELECTRONIC LOCATION AND ACCESS | |
| Uniform Resource Identifier | <a href="https://library.oapen.org/bitstream/20.500.12657/54507/1/external_content.pdf">https://library.oapen.org/bitstream/20.500.12657/54507/1/external_content.pdf</a> |
| 942 ## - ADDED ENTRY ELEMENTS (KOHA) | |
| Koha item type | E-Books |
| Withdrawn status | Lost status | Damaged status | Not for loan | Home library | Current library | Date acquired | Total Checkouts | Date last seen | Price effective from | Koha item type |
|---|---|---|---|---|---|---|---|---|---|---|
| Kerala University of Digital Sciences, Innovation and Technology Knowledge Centre | Kerala University of Digital Sciences, Innovation and Technology Knowledge Centre | 20/06/2022 | 20/06/2022 | 20/06/2022 | E-Books |